ATLAS OF FORENSIC PATHOLOGY (Record no. 216922)

MARC details
000 -LEADER
fixed length control field 00569nam a22001817a 4500
008 - FIXED-LENGTH DATA ELEMENTS--GENERAL INFORMATION
fixed length control field 260401b |||||||| |||| 00| 0 eng d
020 ## - INTERNATIONAL STANDARD BOOK NUMBER
International Standard Book Number 978-93-5090-468-8
050 ## - LIBRARY OF CONGRESS CALL NUMBER
Classification number RA 1063.4 .A 85 2014
100 ## - MAIN ENTRY--PERSONAL NAME
Personal name SHETTY, B SURESH KUMAR
245 ## - TITLE STATEMENT
Title ATLAS OF FORENSIC PATHOLOGY
260 ## - PUBLICATION, DISTRIBUTION, ETC.
Place of publication, distribution, etc. NEW DELHI,
Name of publisher, distributor, etc. JAYPEE BROTHERS MEDICAL PUBLISHERS (P) LTD
300 ## - PHYSICAL DESCRIPTION
Extent XVi, 193 P, ILL
500 ## - GENERAL NOTE
General note INCLUDES INDEX
650 ## - SUBJECT ADDED ENTRY
Topical term or geographic name entry element 1. FORENSIC PATHOLOGY - ATLASES
700 ## - ADDED ENTRY--PERSONAL NAME
Personal name RASTOGI PRATEEK, KANCHAN TANUJ, PADUBIRI JAGADISH RAO
942 ## - ADDED ENTRY ELEMENTS (KOHA)
Source of classification or shelving scheme Library of Congress Classification
Koha item type Long Loan Book
Holdings
Withdrawn status Lost status Source of classification or shelving scheme Damaged status Not for loan Collection Home library Current library Shelving location Date acquired Inventory number Total checkouts Full call number Barcode Date last seen Copy number Price effective from Koha item type
    Library of Congress Classification     Medicine Kisii University Library Kisii University Library On Display 04/01/2026 112664   RA 1063.4 .A 85 2014 A000459 04/01/2026 1 04/01/2026 Long Loan Book
    Library of Congress Classification     Medicine Kisii University Library Kisii University Library On Display 04/01/2026 112665   RA 1063.4 .A 85 2014 A000467 04/01/2026 2 04/01/2026 Long Loan Book
    Library of Congress Classification     Medicine Kisii University Library Kisii University Library On Display 04/01/2026 112666   RA 1063.4 .A 85 2014 A000465 04/01/2026 3 04/01/2026 Long Loan Book
    Library of Congress Classification     Medicine Kisii University Library Kisii University Library On Display 04/01/2026 112667   RA 1063.4 .A 85 2014 A000468 04/01/2026 4 04/01/2026 Long Loan Book